000 00800cab a2200205 4500
001 X84606
008 090401t1997 xxu||||| |||| 00| 0 eng d
035 _a(Sirsi) u98504
041 _aeng
245 4 _aThe Queen v The London Rent Assessment panel ex parte Cadogan Estates ltd.
260 _c1997
350 _a0
490 _aNew Property Cases
_v1997 NPC 88
520 _aA rent assessment panel may assess a rent at a level higher than £25,000 in respect of an assured tenancy and if it does so, the assured tenancy comes to an end. (Headnote taken from journal) NB. NOT TO BE PHOTOCOPIED.
650 _aASSURED TENANCIES
650 _aPROPERTY-RESIDENTIAL PROPERTY-RESIDENTIAL LANDLORD AND TENANT-RESIDENTIAL TENANCIES
690 _aLAW-CASE LAW
942 _n0
948 _c17/06/1997
999 _c59887
_d59887